Novels .. Finish The Title - Statistics

General Stats
  • This quiz has been taken 95 times
  • The average score is 10 of 15
Answer Stats
Hint Answer % Correct
Moby - Dick
100%
Gone With The - Wind
100%
To Kill A - Mockingbird
99%
The Da Vinci - Code
95%
Catcher In The - Rye
92%
Wuthering - Heights
90%
Sense And - Sensibility
83%
Great - Expectations
79%
The Count Of - Monte Cristo
76%
Bleak - House
57%
The Woman In - White
45%
The Name Of The - Rose
43%
The Man In The - Iron Mask
21%
Brick - Lane
20%
The Runaway - Jury
18%
No matching quizzes found
Score Distribution
Percent of People with Each Score
Percentile by Number Answered
Your Score History
You have not taken this quiz